000 006620000a22001810004500
090 _aAR
_b02610
245 1 0 _aNew subspecies of Diglossa gloriosissima (<aves: Thraupinae>) from the Western Andes of Colombia
650 1 4 _aAves
_992429
650 1 4 _aTaxonomía animal
_98245
650 1 4 _aDistribución geográfica
_992997
651 4 _lCordillera de los Andes
_dAntioquia
_pColombia
_992749
651 4 _mPopayán
_dCauca
_pColombia
_992749
653 _fThraupinae
_gDiglossa gloriosissima
041 0 _aInglés
100 1 _aGraves, Gary R.
_993512
942 _cARTICULO
773 1 _tProceedings of the Biological Society of Washington
_341
_h4
_q962-965
_d1990
_g103
999 _c11674
_d11674